Английските думи (Запис номер 51280)
[ съкратено ]
| 000 -Лидер | |
|---|---|
| Контролно поле с фиксирана дължина | 01728nam a2200397 c 4500 |
| 003 - Код на организацията, давaща контролен номер | |
| Контролно поле | BLK |
| 005 - Дата и час на последна редакция | |
| Контролно поле | 20180422101546.0 |
| 008 - Елементи от данни с фиксирана дължина | |
| fixed length control field | 180408b bul|||||r ||||||| ||bul|| |
| 010 ## - Наследен системен номер | |
| LC control number | KNG00055182000 |
| 020 ## - Международен стандартен номер на книга ISBN | |
| Международен стандартен номер на книга ISBN | 954-07-1958-5 |
| -- | издат.: Унив. изд. Св. Климент Охридски |
| 040 ## - Източник на каталожния запис | |
| Идентификатор на билиотеката - собственик на записа | BLK |
| 041 ## - Код за език | |
| Код за езика на текст/звукозапис или на отделно заглавие | Български |
| Код за езика КДБФ | Български |
| Други езици | Английски |
| 080 ## - УДК | |
| Текстов определител УДК | Английски език |
| УДК код - определител по УДК | 811.111 |
| УДК определител | -3(075.8) |
| УДК - код + определител | 811.111-3(075.8) |
| 080 ## - УДК | |
| Текстов определител УДК | Английски език |
| УДК код - определител по УДК | 811.111 |
| УДК определител | -54 |
| УДК - код + определител | 811.111-54 |
| 100 1# - Редна дума - Автор | |
| Автор | Пенчева, Майя Стефанова |
| Авторска отговорност | първи автор |
| R(LIN) | 366375 |
| 139 ## - Редно поле | |
| Редна дума | Пенчева, Майя Стефанова |
| Авторски знак | Пенч - П 36 |
| 245 10 - Сведения за заглавието | |
| Заглавие | Английските думи |
| Редно поле (дума) | Майя Стефанова Пенчева. |
| 257 ## - Страна на издаване | |
| Страна на създаване/издаване | България |
| 260 ## - Област на издателските данни | |
| -- | София |
| Име на издателя, разпространителя и проч. | Унив. изд. Св. Климент Охридски |
| Година на издаване | 2004 |
| 300 ## - Физическа характеристика | |
| Страници | 300 с. |
| Илюстрации и др. | с табл. |
| Размери/Мащаб | 24 см |
| 380 ## - Жанр | |
| Жанр | Езикознание. Филология |
| 490 1# - СЕРИИ (Колекции) | |
| Име на серия | Библиотека Lingua |
| №: серия | 2 |
| 500 ## - Общи забележки | |
| Забележка | Изд. на Унив. Св. Климент Охридски. Фак. по класически и нови филологии. - Библиогр. с. 296-300 ; Таблици. |
| 504 ## - Забележка за наличие на библиография и др | |
| Забележка за наличие на библиография и под. | 296-300 |
| 650 #4 - Допълнително описание по предмет – тема | |
| Основно описание – тема или топоним | Английски език - лексикология - учебници за ВУЗ |
| 9 (RLIN) | 278958 |
| 650 #4 - Допълнително описание по предмет – тема | |
| Основно описание – тема или топоним | Английски език - словообразуване |
| 9 (RLIN) | 283716 |
| 653 ## - Ключова дума – ненормативна | |
| Ключова дума | английски език |
| 653 ## - Ключова дума – ненормативна | |
| Ключова дума | лексикология |
| 653 ## - Ключова дума – ненормативна | |
| Ключова дума | словообразуване |
| 653 ## - Ключова дума – ненормативна | |
| Ключова дума | история на езика |
| 852 ## - Местоположение | |
| Форматна сигнатура | Цб 224561 |
| 856 4# - Електронен адрес и достъп | |
| Електронен формат | pdf - файл |
| Път до файла /url/ | |
| 856 4# - Електронен адрес и достъп | |
| Електронен формат | pdf - файл |
| Път до файла /url/ | |
| 942 ## - АРТИКУЛИ | |
| Вид на библиотечния материал | Книги |
| Скрит в OPAC | Не |
| 944 ## - СЪЗДАВАНЕ И РЕДАКЦИЯ на ЗАПИСА | |
| Създаване/Редакция | Създаване |
| Дата на регистрацията/редакция | 08.09.2005 |
| Служител, извършил регистрацията/редакцията | Людмила_Стоянова |
| 944 ## - СЪЗДАВАНЕ И РЕДАКЦИЯ на ЗАПИСА | |
| Създаване/Редакция | Редакция |
| Дата на регистрацията/редакция | 04.09.2015 |
| Служител, извършил регистрацията/редакцията | Теодора_Стоянова |
| 999 ## - СИСТЕМНИ КОНТРОЛНИ НОМЕРА | |
| Koha biblionumber | 51280 |
| Koha biblioitemnumber | 51280 |
| Код за отписване | Код за изгубен артикул | Код за повреда | Коз за рестрикции | Код за отдаване | Артикулен № | Име на библиотеката - собственик | Име на библиотеката, в която се намира в момента | Статус (Текущо местоположение) | Дата на вписване в системата | Местоположение - отдел | Цена в лева | Инвентарен номер | Систематично азбучна сигнатура | Баркод | Номер на екземпляра | Цена в евро | Служебна бележка | Служебен тип на артикула |
|---|---|---|---|---|---|---|---|---|---|---|---|---|---|---|---|---|---|---|
| Не е изгубен | Не е повреден | без рестрикции | заемане за дома | 80919 | Регионална библиотека "Любен Каравелов" Русе | Регионална библиотека "Любен Каравелов" Русе | ЧЧЗО - англ. ез. - Британски съвет | 2005-09-07 | ЧЧЗО - англ. ез. - Британски съвет | 9.17 | 120000696492 | Ч3 802.0-3/П 36 | 120000696492 | 1 | 4.69 | Дост: Pk Вид: Ф N: 8909 Дата: 01.09.2005 Дата инв: 18.03.2015 Бележки инв: Ч32015 | Книги |